000 00560nam a2200181Ia 4500
005 20250508151834.0
008 008 250505s9999 xx 000 0 eng d
037 _aTextual
040 _aFEDL
_beng
_cFEDL
041 _aeng
_2eng
084 _a375.808 2, COG
_qFEDL
100 _aCoggin Philip A
_952413
245 0 _aDrama and education : An historical survey from ancient greece to the present day
260 _aLondon, UK
_bThames and Hudson
_c1956
300 _avi,327p
942 _cTEXL
_h375.808 2, COG
999 _c1332436
_d1332436